| 000 | 00994cam a2200325 a 4500 | ||
|---|---|---|---|
| 999 |
_c5723 _d5723 |
||
| 001 | 15473036 | ||
| 003 | OSt | ||
| 005 | 20251027092817.0 | ||
| 008 | 080926s2009 vtua d 001 0 eng | ||
| 010 | _a 2008938337 | ||
| 020 |
_a9780804845793 _qpbk. |
||
| 035 | _a15473036 | ||
| 040 |
_aDLC _cDLC _dKH8 |
||
| 041 | 0 |
_aeng _achi |
|
| 042 | _apcc | ||
| 082 | _a495 DON | ||
| 100 | 1 |
_aLi, Dong, _d1942- _eauthor. |
|
| 245 | 1 | 0 |
_aTuttle Chinese-English dictionary / _cLi Dong. |
| 260 |
_aRutland, Vt. : _bTuttle Pub., _cc2009. |
||
| 300 |
_axlvii, 271 p. : _bill. ; _c23 cm. |
||
| 336 |
_atext _btxt _2rdacontent |
||
| 337 |
_aunmediated _bn _2rdamedia |
||
| 338 |
_avolume _bnc _2rdacarrier |
||
| 500 | _aIncludes indexes. | ||
| 546 | _aText in English and Chinese. | ||
| 650 | 0 |
_aEnglish language _vDictionaries _xChinese. |
|
| 650 | 0 |
_aChinese language _vDictionaries _xEnglish. |
|
| 655 | 7 |
_aDictionaries. _2lcgft _0https://id.loc.gov/authorities/genreForms/gf2014026086 |
|
| 942 |
_2ddc _cREF |
||